[Event "Kemp & Lauritzen Chess 2015"]
[Site "Fredericia"]
[Date "2015.05.09"]
[Round "7.1"]
[White "Nielsen, IM Jens Ove Fries"]
[Black "Bermudez, FM Sergio Adan"]
[Result "0-1"]
[LiveChessVersion "1.4.2"]
[BlackElo "2366"]
[WhiteElo "2459"]

1. e4 {[%clk 1:59:28]} c5 {[%clk 1:59:34]} 2. Nf3 {[%clk 1:58:55]} Nc6
{[%clk 1:58:56]} 3. d3 {[%clk 1:55:21]} g6 {[%clk 1:57:18]} 4. h4
{[%clk 1:54:17]} Nf6 {[%clk 1:56:08]} 5. Bg5 {[%clk 1:52:59]} Bg7
{[%clk 1:55:16]} 6. Qc1 {[%clk 1:52:29]} h6 {[%clk 1:53:46]} 7. Bf4
{[%clk 1:49:38]} d5 {[%clk 1:49:35]} 8. Nc3 {[%clk 1:49:12]} d4 {[%clk 1:39:07]}
9. Nb1 {[%clk 1:46:39]} Ng4 {[%clk 1:31:35]} 10. h5 {[%clk 1:40:01]} g5
{[%clk 1:30:28]} 11. Bd2 {[%clk 1:38:22]} Nf6 {[%clk 1:18:36]} 12. Be2
{[%clk 1:37:47]} Bg4 {[%clk 1:16:49]} 13. Ng1 {[%clk 1:35:29]} c4
{[%clk 1:13:17]} 14. Bxg4 {[%clk 1:28:30]} Nxg4 {[%clk 1:12:47]} 15. dxc4
{[%clk 1:22:07]} d3 {[%clk 1:09:13]} 16. c3 {[%clk 1:21:43]} Qb6 {[%clk 1:00:26]}
17. Nh3 {[%clk 1:21:24]} Nf6 {[%clk 1:00:08]} 18. Be3 {[%clk 1:19:46]} Qc7
{[%clk 0:57:34]} 19. Nd2 {[%clk 1:17:13]} Nxh5 {[%clk 0:56:34]} 20. Qd1
{[%clk 1:16:17]} Nf6 {[%clk 0:54:40]} 21. f3 {[%clk 1:11:22]} Nh5
{[%clk 0:49:17]} 22. Nf2 {[%clk 0:59:27]} Ng3 {[%clk 0:40:48]} 23. Rh3
{[%clk 0:57:27]} Rd8 {[%clk 0:40:34]} 24. Qa4 {[%clk 0:56:13]} f5
{[%clk 0:38:06]} 25. exf5 {[%clk 0:51:55]} Nxf5 {[%clk 0:36:51]} 26. Bc5
{[%clk 0:46:29]} b6 {[%clk 0:36:22]} 27. g4 {[%clk 0:44:35]} Nh4 {[%clk 0:28:47]}
28. Rxh4 {[%clk 0:42:15]} gxh4 {[%clk 0:28:30]} 29. Be3 {[%clk 0:42:14]} O-O
{[%clk 0:25:35]} 30. O-O-O {[%clk 0:41:43]} Ne5 {[%clk 0:23:11]} 31. f4
{[%clk 0:41:20]} Ng6 {[%clk 0:22:22]} 32. f5 {[%clk 0:37:00]} Nf4
{[%clk 0:22:13]} 33. c5 {[%clk 0:34:26]} Nd5 {[%clk 0:16:56]} 34. Qc4
{[%clk 0:31:09]} e6 {[%clk 0:07:22]} 35. Nxd3 {[%clk 0:23:24]} exf5
{[%clk 0:05:22]} 36. gxf5 {[%clk 0:22:20]} Qf7 {[%clk 0:05:07]} 37. Bd4
{[%clk 0:20:29]} bxc5 {[%clk 0:02:01]} 38. Bxg7 {[%clk 0:20:05]} Kxg7
{[%clk 0:01:31]} 39. Nxc5 {[%clk 0:14:59]} Nc7 {[%clk 0:01:21]} 40. Ne6+
{[%clk 0:13:02]} Nxe6 {[%clk 0:01:17]} 41. fxe6 {[%clk 0:12:59]} Qe7
{[%clk 0:01:10]} 42. Rg1+ {[%clk 0:10:38]} Kh8 {[%clk 0:00:58]} 43. Ne4
{[%clk 0:07:53]} h3 {[%clk 0:00:11]} 44. Rh1 {[%clk 0:05:21]} Qh4
{[%clk 0:28:00]} 45. Qe2 {[%clk 0:33:01]} Rde8 {[%clk 0:27:07]} 46. Nc5
{[%clk 0:26:45]} Rf5 {[%clk 0:17:55]} 47. Qe3 {[%clk 0:18:29]} h2
{[%clk 0:12:44]} 48. Nd3 {[%clk 0:08:52]} Rf6 {[%clk 0:06:34]} 49. Qd4
{[%clk 0:05:31]} Qxd4 {[%clk 0:05:59]} 50. cxd4 {[%clk 0:05:30]} Rexe6
{[%clk 0:05:37]} 51. Rxh2 {[%clk 0:05:21]} Re4 {[%clk 0:05:33]} 52. Kc2
{[%clk 0:04:35]} Rxd4 {[%clk 0:05:29]} 53. Kc3 {[%clk 0:04:34]} Rd7
{[%clk 0:04:57]} 54. Ne5 {[%clk 0:04:10]} Rd5 {[%clk 0:04:33]} 55. Nc4
{[%clk 0:03:48]} Kh7 {[%clk 0:04:09]} 56. Rh3 {[%clk 0:03:40]} h5
{[%clk 0:04:01]} 57. b4 {[%clk 0:03:39]} Kh6 {[%clk 0:03:57]} 58. a4
{[%clk 0:03:36]} Kg5 {[%clk 0:03:50]} 59. Ne3 {[%clk 0:03:14]} Rc6+
{[%clk 0:03:48]} 60. Nc4 {[%clk 0:03:06]} h4 {[%clk 0:03:37]} 61. b5
{[%clk 0:03:05]} Rc8 {[%clk 0:03:35]} 62. Kb3 {[%clk 0:03:02]} Kg4
{[%clk 0:03:27]} 63. Rh1 {[%clk 0:03:01]} Rd3+ {[%clk 0:03:20]} 64. Kb4
{[%clk 0:02:59]} Rd4 {[%clk 0:03:19]} 65. Rc1 {[%clk 0:02:39]} h3 66. a5 h2
{[%clk 0:03:07]} 0-1

[Event "Kemp & Lauritzen Chess 2015"]
[Site "Fredericia"]
[Date "2015.05.09"]
[Round "7.2"]
[White "Boe, FM Mads"]
[Black "Narmontas, IM Matas"]
[Result "1/2-1/2"]
[LiveChessVersion "1.4.2"]
[BlackElo "2427"]
[WhiteElo "2341"]

1. d4 {[%clk 1:59:57]} d5 {[%clk 1:59:54]} 2. c4 {[%clk 1:59:50]} c6
{[%clk 1:59:50]} 3. cxd5 {[%clk 1:59:39]} cxd5 {[%clk 1:59:47]} 4. Nc3
{[%clk 1:59:32]} Nf6 {[%clk 1:59:15]} 5. Nf3 {[%clk 1:59:25]} Nc6
{[%clk 1:57:44]} 6. Bf4 {[%clk 1:58:37]} a6 {[%clk 1:57:01]} 7. Rc1
{[%clk 1:56:36]} e6 {[%clk 1:55:57]} 8. h3 {[%clk 1:49:34]} b5 {[%clk 1:37:09]}
9. e3 {[%clk 1:49:06]} Bb7 {[%clk 1:37:04]} 10. Bd3 {[%clk 1:48:51]} Be7
{[%clk 1:36:26]} 11. O-O {[%clk 1:48:37]} O-O {[%clk 1:35:49]} 12. a4
{[%clk 1:48:25]} b4 {[%clk 1:35:22]} 13. Nb1 {[%clk 1:48:18]} Ne4
{[%clk 1:31:41]} 14. Nbd2 {[%clk 1:44:28]} f5 {[%clk 1:29:55]} 15. Nb3
{[%clk 1:38:02]} Rc8 {[%clk 1:23:20]} 16. Qe2 {[%clk 1:35:06]} Na5
{[%clk 1:09:23]} 17. Rxc8 {[%clk 1:20:58]} Bxc8 {[%clk 1:09:23]} 18. Nfd2
{[%clk 1:20:58]} Nxb3 {[%clk 1:09:23]} 19. Nxb3 {[%clk 1:20:58]} Bd7
{[%clk 1:09:23]} 20. Ra1 {[%clk 1:20:58]} a5 {[%clk 1:09:23]} 21. f3
{[%clk 1:20:58]} Nd6 {[%clk 1:09:23]} 22. Nc5 {[%clk 1:20:58]} Bc8
{[%clk 1:09:23]} 23. Rc1 {[%clk 1:20:58]} Qb6 {[%clk 1:09:23]} 24. Bb5
{[%clk 1:20:58]} Rd8 {[%clk 1:09:23]} 25. b3 {[%clk 1:20:58]} Qa7
{[%clk 1:09:23]} 26. Be5 {[%clk 1:20:58]} Bf8 {[%clk 1:09:23]} 27. Bf4
{[%clk 1:20:58]} h6 {[%clk 1:09:23]} 28. Be5 {[%clk 1:20:58]} Qb6
{[%clk 1:09:23]} 29. Rc2 {[%clk 1:20:58]} Qa7 {[%clk 1:09:23]} 30. Rc1
{[%clk 1:20:58]} Qb6 {[%clk 1:09:23]} 31. Rc2 {[%clk 1:20:58]} Qa7
{[%clk 1:09:23]} 32. Rc1 {[%clk 1:20:58]} 1/2-1/2

[Event "Kemp & Lauritzen Chess 2015"]
[Site "Fredericia"]
[Date "2015.05.09"]
[Round "7.3"]
[White "Friis, FM Carsten Bank"]
[Black "Veng, FM Johnni"]
[Result "1/2-1/2"]
[LiveChessVersion "1.4.2"]
[BlackElo "2304"]
[WhiteElo "2261"]

1. d4 {[%clk 1:59:58]} Nf6 {[%clk 1:59:38]} 2. c4 {[%clk 1:59:06]} g6
{[%clk 1:59:03]} 3. Nc3 {[%clk 1:59:01]} Bg7 {[%clk 1:58:39]} 4. Nf3
{[%clk 1:58:11]} O-O {[%clk 1:57:24]} 5. g3 {[%clk 1:57:34]} d6 {[%clk 1:45:36]}
6. Bg2 {[%clk 1:57:05]} Nc6 {[%clk 1:45:21]} 7. O-O {[%clk 1:53:19]} Rb8
{[%clk 1:42:00]} 8. h3 {[%clk 1:47:39]} a6 {[%clk 1:39:47]} 9. a4
{[%clk 1:28:19]} Na5 {[%clk 1:15:05]} 10. Qd3 {[%clk 1:15:14]} Nb3
{[%clk 1:11:47]} 11. Ra3 {[%clk 1:08:19]} Nxc1 {[%clk 1:11:31]} 12. Rxc1
{[%clk 1:08:18]} a5 {[%clk 1:11:10]} 13. e4 {[%clk 1:04:42]} Nd7 {[%clk 1:05:25]}
14. Qe2 {[%clk 0:56:53]} e5 {[%clk 0:54:47]} 1/2-1/2

[Event "Kemp & Lauritzen Chess 2015"]
[Site "Fredericia"]
[Date "2015.05.09"]
[Round "7.4"]
[White "Ochsner, FM Bjørn Møller"]
[Black "Thøgersen, Rasmus"]
[Result "1-0"]
[LiveChessVersion "1.4.2"]
[BlackElo "2128"]
[WhiteElo "2419"]

1. d4 {[%clk 1:59:52]} Nf6 {[%clk 1:59:48]} 2. c4 {[%clk 1:59:44]} e6
{[%clk 1:59:32]} 3. Nc3 {[%clk 1:58:46]} Bb4 {[%clk 1:59:26]} 4. Qc2
{[%clk 1:58:34]} O-O {[%clk 1:58:43]} 5. Nf3 {[%clk 1:58:03]} b6 {[%clk 1:53:18]}
6. e4 {[%clk 1:56:33]} d5 {[%clk 1:51:26]} 7. e5 {[%clk 1:52:57]} Ne4
{[%clk 1:51:15]} 8. Bd3 {[%clk 1:52:39]} Bb7 {[%clk 1:47:45]} 9. O-O
{[%clk 1:50:54]} Bxc3 {[%clk 1:46:46]} 10. bxc3 {[%clk 1:50:52]} c5
{[%clk 1:44:08]} 11. cxd5 {[%clk 1:43:53]} exd5 {[%clk 1:43:36]} 12. Ba3
{[%clk 1:40:37]} Nd7 {[%clk 1:35:56]} 13. c4 {[%clk 1:36:07]} Rc8
{[%clk 1:23:23]} 14. cxd5 {[%clk 1:33:59]} cxd4 {[%clk 1:21:53]} 15. Qb1
{[%clk 1:22:45]} Nc3 {[%clk 1:20:30]} 16. Bxh7+ {[%clk 1:18:04]} Kh8
{[%clk 1:20:25]} 17. Qf5 {[%clk 1:13:33]} Bxd5 {[%clk 1:10:06]} 18. Qh3
{[%clk 0:57:56]} Ne2+ {[%clk 1:08:34]} 19. Kh1 {[%clk 0:57:55]} Nf4
{[%clk 1:08:12]} 20. Qg4 {[%clk 0:56:28]} Bxf3 {[%clk 0:30:37]} 21. gxf3
{[%clk 0:48:13]} g5 {[%clk 0:14:36]} 22. Bxf8 {[%clk 0:43:29]} Nxf8
{[%clk 0:13:51]} 23. Bf5 {[%clk 0:35:48]} Rc6 {[%clk 0:13:05]} 24. Rg1
{[%clk 0:29:12]} d3 {[%clk 0:09:43]} 25. Be4 {[%clk 0:24:03]} Rc5
{[%clk 0:08:26]} 26. Qf5 {[%clk 0:22:45]} d2 {[%clk 0:06:54]} 27. Rad1
{[%clk 0:20:53]} Ne2 {[%clk 0:04:36]} 28. Rxg5 {[%clk 0:14:00]} Rc1
{[%clk 0:04:24]} 29. Qh3+ {[%clk 0:13:49]} 1-0

[Event "Kemp & Lauritzen Chess 2015"]
[Site "Fredericia"]
[Date "2015.05.09"]
[Round "7.5"]
[White "Gergacz, IM Attila"]
[Black "Rydström, FM Tom"]
[Result "1-0"]
[LiveChessVersion "1.4.2"]
[BlackElo "2291"]
[WhiteElo "2374"]

1. e4 {[%clk 1:59:23]} e5 {[%clk 1:59:55]} 2. Nf3 {[%clk 1:59:17]} Nc6
{[%clk 1:59:53]} 3. Bc4 {[%clk 1:57:43]} Bc5 {[%clk 1:59:46]} 4. c3
{[%clk 1:57:35]} Nf6 {[%clk 1:59:41]} 5. Qe2 {[%clk 1:57:12]} O-O
{[%clk 1:58:04]} 6. O-O {[%clk 1:56:56]} d6 {[%clk 1:57:01]} 7. Rd1
{[%clk 1:55:14]} Qe7 {[%clk 1:53:53]} 8. b4 {[%clk 1:54:23]} Bb6 {[%clk 1:53:49]}
9. a4 {[%clk 1:52:49]} a6 {[%clk 1:50:32]} 10. d3 {[%clk 1:52:01]} h6
{[%clk 1:48:05]} 11. Be3 {[%clk 1:39:50]} Kh8 {[%clk 1:43:01]} 12. Bxb6
{[%clk 1:35:13]} cxb6 {[%clk 1:43:00]} 13. Qe3 {[%clk 1:34:11]} Nh5
{[%clk 1:40:42]} 14. Nbd2 {[%clk 1:25:42]} f5 {[%clk 1:36:37]} 15. b5
{[%clk 1:25:00]} Nb8 {[%clk 1:24:15]} 16. Qxb6 {[%clk 1:07:55]} Nd7
{[%clk 1:18:07]} 17. Qc7 {[%clk 1:04:45]} a5 {[%clk 1:09:16]} 18. exf5
{[%clk 0:54:23]} Nf4 {[%clk 1:00:53]} 19. g3 {[%clk 0:46:16]} Nh3+
{[%clk 0:57:34]} 20. Kg2 {[%clk 0:45:52]} Rxf5 {[%clk 0:57:09]} 21. Kxh3
{[%clk 0:42:08]} Rxf3 {[%clk 0:56:20]} 22. Kg2 {[%clk 0:42:04]} Rf5
{[%clk 0:47:58]} 23. Ne4 {[%clk 0:40:47]} Qf8 {[%clk 0:42:33]} 24. Ra2
{[%clk 0:32:23]} Nf6 {[%clk 0:42:29]} 25. Nxd6 {[%clk 0:28:17]} Rh5
{[%clk 0:28:44]} 26. Nxc8 {[%clk 0:27:56]} Rxc8 {[%clk 0:28:41]} 27. Qxb7
{[%clk 8:17:47]} Qc5 {[%clk 0:26:34]} 28. Be6 {[%clk 0:25:52]} Rf8
{[%clk 0:23:22]} 29. Qc6 {[%clk 0:25:10]} Qe7 {[%clk 0:23:07]} 30. b6
{[%clk 0:24:12]} Ne8 {[%clk 0:21:55]} 31. d4 {[%clk 0:19:34]} e4 {[%clk 0:17:32]}
32. Qxe4 {[%clk 0:14:50]} Nd6 {[%clk 0:17:22]} 33. Qe2 {[%clk 0:14:32]} Rg5
{[%clk 0:16:31]} 34. d5 {[%clk 0:13:07]} Qf6 {[%clk 0:16:10]} 35. Rd4
{[%clk 0:12:14]} Rb8 {[%clk 0:13:08]} 36. Rb2 {[%clk 0:11:28]} Re5
{[%clk 0:10:38]} 37. Qf3 {[%clk 0:11:01]} Qg5 {[%clk 0:10:37]} 38. Rf4
{[%clk 0:10:11]} Kh7 {[%clk 0:10:11]} 39. c4 {[%clk 0:09:26]} Re1
{[%clk 0:10:00]} 40. c5 {[%clk 0:09:15]} Qe5 {[%clk 0:09:51]} 41. Rb1
{[%clk 0:08:10]} Rxb1 {[%clk 0:09:36]} 42. Qd3+ {[%clk 0:08:05]} 1-0

[Event "Kemp & Lauritzen Chess 2015"]
[Site "Fredericia"]
[Date "2015.05.09"]
[Round "7.6"]
[White "Schou-Moldt, Thomas"]
[Black "Seegert, Kristian"]
[Result "1-0"]
[LiveChessVersion "1.4.2"]
[BlackElo "2210"]
[WhiteElo "2175"]

1. e4 {[%clk 1:55:08]} c5 {[%clk 1:59:49]} 2. Nf3 {[%clk 1:55:02]} d6
{[%clk 1:59:45]} 3. d4 {[%clk 1:54:57]} cxd4 {[%clk 1:59:41]} 4. Nxd4
{[%clk 1:54:55]} Nf6 {[%clk 1:59:34]} 5. Nc3 {[%clk 1:54:51]} g6 {[%clk 1:59:28]}
6. Be3 {[%clk 1:54:47]} Bg7 {[%clk 1:59:21]} 7. f3 {[%clk 1:54:44]} O-O
{[%clk 1:59:13]} 8. Qd2 {[%clk 1:54:41]} Nc6 {[%clk 1:59:07]} 9. g4
{[%clk 1:54:37]} Be6 {[%clk 1:59:02]} 10. O-O-O {[%clk 1:54:28]} Nxd4
{[%clk 1:58:36]} 11. Bxd4 {[%clk 1:54:27]} Qa5 {[%clk 1:58:18]} 12. a3
{[%clk 1:53:33]} Rab8 {[%clk 1:57:24]} 13. Kb1 {[%clk 1:53:06]} Rfc8
{[%clk 1:57:08]} 14. h4 {[%clk 1:51:51]} b5 {[%clk 1:52:34]} 15. Nd5
{[%clk 1:51:43]} Qxd2 {[%clk 1:52:08]} 16. Rxd2 {[%clk 1:51:33]} Nxd5
{[%clk 1:51:00]} 17. exd5 {[%clk 1:51:18]} Bxd4 {[%clk 1:29:57]} 18. Rxd4
{[%clk 1:30:40]} Bd7 {[%clk 1:29:52]} 19. Bd3 {[%clk 1:24:12]} Rb6
{[%clk 1:16:31]} 20. g5 {[%clk 1:19:57]} e5 {[%clk 1:07:41]} 21. dxe6
{[%clk 1:18:52]} Bxe6 {[%clk 1:07:19]} 22. b4 {[%clk 0:50:28]} Bf5
{[%clk 0:56:49]} 23. Bxf5 {[%clk 0:45:01]} gxf5 {[%clk 0:56:41]} 24. Rf4
{[%clk 0:43:54]} Rbc6 {[%clk 0:15:32]} 25. Rh2 {[%clk 0:43:40]} Rc3
{[%clk 0:06:46]} 26. Kb2 {[%clk 0:27:09]} Re3 {[%clk 0:05:59]} 27. Rxf5
{[%clk 0:26:53]} a6 {[%clk 0:04:25]} 28. Rd2 {[%clk 0:23:26]} Rc4
{[%clk 0:04:12]} 29. h5 {[%clk 0:22:06]} Kg7 {[%clk 0:01:54]} 30. Rf6
{[%clk 0:17:31]} h6 {[%clk 0:01:52]} 31. Rxh6 {[%clk 0:16:36]} Rxf3
{[%clk 0:01:51]} 32. Rhxd6 {[%clk 0:15:45]} a5 {[%clk 0:01:20]} 33. bxa5
{[%clk 0:11:56]} Ra4 {[%clk 0:01:15]} 34. R2d3 {[%clk 0:10:26]} Rf5
{[%clk 0:00:48]} 35. R6d5 {[%clk 0:10:01]} Rxd5 {[%clk 0:00:11]} 36. Rxd5
{[%clk 0:09:54]} Rxa5 {[%clk 0:00:08]} 37. c4 {[%clk 0:09:40]} f6
{[%clk 0:00:05]} 38. gxf6+ {[%clk 0:09:10]} Kxf6 {[%clk 0:00:04]} 39. cxb5
{[%clk 0:08:10]} Ra7 {[%clk 0:00:02]} 40. Kb3 {[%clk 0:07:44]} Ke6
{[%clk 0:00:01]} 41. Rg5 {[%clk 0:07:16]} 1-0

[Event "Kemp & Lauritzen Chess 2015"]
[Site "Fredericia"]
[Date "2015.05.09"]
[Round "7.8"]
[White "Olsen, Filip Boe"]
[Black "Moe, FM Mogens"]
[Result "1/2-1/2"]
[LiveChessVersion "1.4.2"]
[BlackElo "2151"]
[WhiteElo "2192"]

1. d4 {[%clk 1:59:57]} Nf6 {[%clk 1:59:53]} 2. Nf3 {[%clk 1:59:50]} g6
{[%clk 1:59:44]} 3. Bf4 {[%clk 1:59:25]} Bg7 {[%clk 1:59:30]} 4. e3
{[%clk 1:59:14]} d6 {[%clk 1:58:38]} 5. Be2 {[%clk 1:58:27]} c6 {[%clk 1:58:25]}
6. c4 {[%clk 1:58:15]} Qb6 {[%clk 1:58:07]} 7. Qb3 {[%clk 1:57:41]} Qxb3
{[%clk 1:57:41]} 8. axb3 {[%clk 1:57:35]} Nh5 {[%clk 1:55:51]} 9. Bg5
{[%clk 1:56:20]} h6 {[%clk 1:54:35]} 10. Bh4 {[%clk 1:56:11]} g5 {[%clk 1:48:17]}
11. Nfd2 {[%clk 1:53:31]} gxh4 {[%clk 1:41:06]} 12. Bxh5 {[%clk 1:53:23]} h3
{[%clk 1:40:35]} 13. g3 {[%clk 1:48:42]} Na6 {[%clk 1:39:51]} 14. Nc3
{[%clk 1:46:25]} Bd7 {[%clk 1:36:21]} 15. O-O {[%clk 1:43:08]} O-O
{[%clk 1:34:22]} 16. Ne2 {[%clk 1:33:28]} Nb4 {[%clk 1:33:17]} 17. Ne4
{[%clk 1:27:56]} b6 {[%clk 1:25:15]} 18. Rfd1 {[%clk 1:23:29]} Bf5
{[%clk 1:22:35]} 19. Bf3 {[%clk 1:21:01]} d5 {[%clk 1:13:20]} 20. Nd2
{[%clk 1:17:08]} a5 {[%clk 1:11:46]} 21. g4 {[%clk 1:02:43]} Bc2 {[%clk 1:10:00]}
22. Rdc1 {[%clk 1:01:59]} Rac8 {[%clk 1:07:03]} 23. Nc3 {[%clk 0:53:37]} e6
{[%clk 1:02:09]} 24. Na2 {[%clk 0:51:20]} Nxa2 {[%clk 1:01:40]} 25. Rxa2
{[%clk 0:50:42]} Bg6 {[%clk 0:59:47]} 26. c5 {[%clk 0:49:27]} b5 {[%clk 0:55:49]}
27. Rxa5 {[%clk 0:48:49]} e5 {[%clk 0:55:33]} 28. dxe5 {[%clk 0:45:09]} Bxe5
{[%clk 0:55:24]} 29. Ra2 {[%clk 0:44:15]} Rfd8 {[%clk 0:54:04]} 1/2-1/2

[Event "Kemp & Lauritzen Chess 2015"]
[Site "Fredericia"]
[Date "2015.05.09"]
[Round "7.9"]
[White "Rewitz, FM Poul"]
[Black "Rossen, Claus"]
[Result "0-1"]
[LiveChessVersion "1.4.2"]
[BlackElo "2174"]
[WhiteElo "2272"]

1. c3 {[%clk 1:59:45]} e5 {[%clk 1:59:25]} 2. d4 {[%clk 1:59:24]} exd4
{[%clk 1:57:52]} 3. cxd4 {[%clk 1:58:25]} d5 {[%clk 1:57:44]} 4. g3
{[%clk 1:57:03]} Nf6 {[%clk 1:57:37]} 5. Bg2 {[%clk 1:56:46]} Bd6
{[%clk 1:57:20]} 6. Nc3 {[%clk 1:55:58]} c6 {[%clk 1:57:12]} 7. Nh3
{[%clk 1:55:15]} O-O {[%clk 1:56:35]} 8. O-O {[%clk 1:53:40]} Re8
{[%clk 1:55:12]} 9. Bf4 {[%clk 1:51:23]} Bf8 {[%clk 1:45:00]} 10. f3
{[%clk 1:43:08]} Qb6 {[%clk 1:42:19]} 11. Na4 {[%clk 1:40:15]} Qa5
{[%clk 1:41:18]} 12. a3 {[%clk 1:38:47]} Nbd7 {[%clk 1:39:37]} 13. b4
{[%clk 1:37:31]} Qd8 {[%clk 1:39:27]} 14. Nf2 {[%clk 1:35:22]} a5
{[%clk 1:37:51]} 15. b5 {[%clk 1:31:41]} cxb5 {[%clk 1:37:01]} 16. Nc3
{[%clk 1:31:28]} b4 {[%clk 1:36:31]} 17. axb4 {[%clk 1:29:58]} Bxb4
{[%clk 1:35:59]} 18. Nb5 {[%clk 1:29:26]} Nh5 {[%clk 1:34:28]} 19. Bc7
{[%clk 1:24:39]} Qf6 {[%clk 1:31:01]} 20. e4 {[%clk 1:21:25]} Qc6
{[%clk 1:26:36]} 21. Qd3 {[%clk 1:18:54]} Nb6 {[%clk 1:22:04]} 22. g4
{[%clk 1:03:47]} Nc4 {[%clk 1:16:27]} 23. gxh5 {[%clk 1:02:50]} Qxb5
{[%clk 1:16:22]} 24. Rfc1 {[%clk 0:58:13]} Be6 {[%clk 1:08:49]} 25. h6
{[%clk 0:55:28]} Qd7 {[%clk 1:01:50]} 26. Bf4 {[%clk 0:54:27]} Red8
{[%clk 0:58:25]} 27. hxg7 {[%clk 0:41:45]} Kxg7 {[%clk 0:51:20]} 28. Kh1
{[%clk 0:39:17]} dxe4 {[%clk 0:48:00]} 29. fxe4 {[%clk 0:38:50]} Qxd4
{[%clk 0:47:55]} 30. Qg3+ {[%clk 0:33:16]} Kh8 {[%clk 0:43:33]} 31. Rab1
{[%clk 0:29:52]} Qg7 {[%clk 0:34:21]} 32. Qh4 {[%clk 0:27:46]} Rd7
{[%clk 0:34:13]} 33. Rg1 {[%clk 0:25:34]} Be7 {[%clk 0:33:44]} 34. Qh5
{[%clk 0:24:56]} Qg6 {[%clk 0:28:41]} 35. Qb5 {[%clk 0:22:41]} Qf6
{[%clk 0:27:56]} 36. Bg3 {[%clk 0:19:25]} Rg8 {[%clk 0:18:40]} 37. Rb3
{[%clk 0:15:19]} Qg5 {[%clk 0:14:22]} 38. e5 {[%clk 0:12:22]} Ne3
{[%clk 0:13:57]} 39. Nh3 {[%clk 0:09:48]} Bxh3 {[%clk 0:09:23]} 40. Bxh3
{[%clk 0:09:11]} Rd1 {[%clk 0:07:53]} 41. Rxd1 {[%clk 0:02:51]} Nxd1
{[%clk 0:07:45]} 42. Qf1 {[%clk 0:25:01]} Ne3 {[%clk 0:32:28]} 43. Qc1
{[%clk 0:20:30]} Qh5 {[%clk 0:30:01]} 44. Rxe3 {[%clk 0:19:15]} Qxh3
{[%clk 0:29:55]} 45. e6 {[%clk 0:18:51]} f6 {[%clk 0:27:55]} 46. Qe1
{[%clk 0:11:44]} a4 {[%clk 0:19:44]} 47. Qf2 {[%clk 0:11:23]} Rg5
{[%clk 0:13:07]} 48. Bd6 {[%clk 0:07:06]} Qg4 {[%clk 0:11:37]} 49. Bxe7
{[%clk 0:06:53]} Qd1+ {[%clk 0:10:57]} 50. Qe1 {[%clk 0:06:43]} Qd5+
{[%clk 0:09:41]} 51. Re4 {[%clk 0:06:38]} Rg4 {[%clk 0:09:01]} 52. Bxf6+
{[%clk 0:04:50]} Kg8 {[%clk 0:08:57]} 0-1

[Event "Kemp & Lauritzen Chess 2015"]
[Site "Fredericia"]
[Date "2015.05.09"]
[Round "7.10"]
[White "Bjerre, Jonas"]
[Black "Jensen, Jakob Bjerre"]
[Result "1/2-1/2"]
[LiveChessVersion "1.4.2"]
[BlackElo "2168"]
[WhiteElo "2120"]

1. e4 {[%clk 1:59:57]} c5 {[%clk 1:59:54]} 2. Nf3 {[%clk 1:59:50]} g6
{[%clk 1:59:39]} 3. d4 {[%clk 1:59:41]} cxd4 {[%clk 1:59:37]} 4. Nxd4
{[%clk 1:59:31]} Nc6 {[%clk 1:59:30]} 5. c4 {[%clk 1:58:47]} Bg7 {[%clk 1:59:23]}
6. Be3 {[%clk 1:58:34]} Nf6 {[%clk 1:59:14]} 7. Nc3 {[%clk 1:58:22]} O-O
{[%clk 1:58:59]} 8. Be2 {[%clk 1:57:58]} d6 {[%clk 1:58:44]} 9. O-O
{[%clk 1:57:37]} Bd7 {[%clk 1:58:36]} 10. Qd2 {[%clk 1:56:58]} Nxd4
{[%clk 1:58:24]} 11. Bxd4 {[%clk 1:56:49]} Bc6 {[%clk 1:58:16]} 12. f3
{[%clk 1:56:18]} a5 {[%clk 1:58:04]} 13. b3 {[%clk 1:54:57]} Nd7 {[%clk 1:57:43]}
14. Be3 {[%clk 1:54:23]} Nc5 {[%clk 1:56:50]} 15. Rab1 {[%clk 1:51:33]} e6
{[%clk 1:49:12]} 16. Rfd1 {[%clk 1:36:57]} Be5 {[%clk 1:48:46]} 17. Bd4
{[%clk 1:31:38]} Qe7 {[%clk 1:30:33]} 18. Qe3 {[%clk 1:24:17]} Rfd8
{[%clk 1:23:15]} 19. a3 {[%clk 1:21:05]} Be8 {[%clk 0:39:56]} 20. b4
{[%clk 1:18:57]} axb4 {[%clk 0:39:33]} 21. axb4 {[%clk 1:18:50]} Na4
{[%clk 0:39:01]} 22. Nxa4 {[%clk 1:17:26]} Rxa4 {[%clk 0:38:02]} 23. Bb6
{[%clk 1:13:32]} Rc8 {[%clk 0:30:57]} 24. f4 {[%clk 1:11:38]} Bg7
{[%clk 0:30:01]} 25. Qd2 {[%clk 1:03:19]} Bc6 {[%clk 0:18:52]} 26. Bd3
{[%clk 0:59:59]} Rca8 {[%clk 0:16:13]} 27. b5 {[%clk 0:58:05]} Ra2
{[%clk 0:13:42]} 28. Qe3 {[%clk 0:56:19]} Be8 {[%clk 0:12:42]} 29. Bf1
{[%clk 0:54:05]} R8a3 {[%clk 0:10:26]} 30. Rb3 {[%clk 0:52:45]} Ra4
{[%clk 0:09:40]} 31. Qd3 {[%clk 0:45:00]} Bf8 {[%clk 0:08:19]} 32. Qg3
{[%clk 0:35:45]} Qf6 {[%clk 0:06:33]} 33. Bd4 {[%clk 0:30:32]} Qe7
{[%clk 0:06:13]} 34. Bb6 {[%clk 0:27:59]} Bg7 {[%clk 0:05:35]} 35. Qd3
{[%clk 0:27:04]} Bf8 {[%clk 0:05:28]} 36. Qg3 {[%clk 0:18:23]} 1/2-1/2